000 00509nam a2200181Ia 4500
008 240925s9999 xx 000 0 und d
020 _a9788122424096
082 _a629.8 DUK
100 _aDukkipati, Rao V.
245 0 _aAnalysis and Design of Control Systems using MATLAB
250 _a2nd
260 _aNew Delhi:
_bNew Age International (Pvt) Limited
_c,2014.
300 _a262p.
_b0
_fOriginal
500 _aIncludes Index
600 _aEngineering Technology
650 _aTechnology
942 _cBK
999 _c13782
_d13782